Statistics for Guess the Country by its National Anthem #3

Click here to take the quiz!

General Stats

  • This quiz has been taken 28 times
  • The average score is 10 of 56

Answer Stats

Word% Correct
a
88%
the
75%
the
75%
our
54%
and
50%
and
50%
and
50%
land
46%
is
42%
of
42%
of
42%
of
42%
in
38%
free
33%
free
33%
are
29%
by
25%
at
21%
at
21%
at
21%
war
21%
its
17%
has
13%
has
13%
has
13%
this
13%
last
8%
last
8%
last
8%
peace
8%
Bolivia
4%
Bolivians
4%
fate
4%
horrible
4%
long
4%
long
4%
propitious
4%
turmoil
4%
ceased
0%
cervile
0%
clamor
0%
contrast
0%
crowned
0%
crowned
0%
finally
0%
followed
0%
harmonious
0%
hymns
0%
longings
0%
martial
0%
state
0%
sweet
0%
today
0%
unity
0%
vows
0%
yesterday
0%

Score Distribution

Percentile by Number Answered

Percent of People with Each Score

Your Score History

You have not taken this quiz